000 00505nam a2200181 a 4500
001 1771568628506
003 YourLibrary
005 20260220115515.0
008 260220s1997##################000#0#eng##
020 _a9780815327844
082 0 4 _a338.064
_bPAN
100 1 _aPanth, Sanjaya,
_eauthor.
245 1 0 _aTechnological Innovation, Industrial Evolution, and Economic Growth :
260 _c1997.
650 0 _aBusiness & Economics.
942 _cENGLISH
040 _aYourLibrary
_beng
_cYourLibrary
999 _c614015
_d614015